Continuing education for health workers : (Record no. 3243)
[ view plain ]
| 000 -LEADER | |
|---|---|
| fixed length control field | 01157cam a2200253 a 4500 |
| 001 - CONTROL NUMBER | |
| control field | 3822479 |
| 003 - CONTROL NUMBER IDENTIFIER | |
| control field | Ke-BoTe |
| 005 - DATE AND TIME OF LATEST TRANSACTION | |
| control field | 20220525150859.0 |
| 008 - FIXED-LENGTH DATA ELEMENTS--GENERAL INFORMATION | |
| fixed length control field | 860519s1983 ke a 000 0 eng |
| 010 ## - LIBRARY OF CONGRESS CONTROL NUMBER | |
| LC control number | 85980980 |
| 040 ## - CATALOGING SOURCE | |
| Original cataloging agency | DLC |
| Transcribing agency | DLC |
| Modifying agency | DLC |
| 043 ## - GEOGRAPHIC AREA CODE | |
| Geographic area code | fe----- |
| 050 00 - LIBRARY OF CONGRESS CALL NUMBER | |
| Classification number | RA440.6 |
| Item number | .C634 1983 |
| 245 00 - TITLE STATEMENT | |
| Title | Continuing education for health workers : |
| Remainder of title | planning district programmes / |
| Statement of responsibility, etc. | AMREF Training Department ; illustrated by Jesse Kagimba. |
| 260 ## - PUBLICATION, DISTRIBUTION, ETC. | |
| Place of publication, distribution, etc. | Nairobi, Kenya : |
| Name of publisher, distributor, etc. | African Medical and Research Foundation, |
| Date of publication, distribution, etc. | 1983. |
| 300 ## - PHYSICAL DESCRIPTION | |
| Extent | viii, 237 p. : |
| Other physical details | ill. ; |
| Dimensions | 21 cm. |
| 650 #0 - SUBJECT ADDED ENTRY--TOPICAL TERM | |
| Topical term or geographic name entry element | Public health |
| General subdivision | Study and teaching (Continuing) |
| -- | Planning |
| -- | Handbooks, manuals, etc. |
| 9 (RLIN) | 6823 |
| 650 #0 - SUBJECT ADDED ENTRY--TOPICAL TERM | |
| Topical term or geographic name entry element | Community health aides |
| General subdivision | Training of |
| -- | Handbooks, manuals, etc. |
| 9 (RLIN) | 6824 |
| 650 #0 - SUBJECT ADDED ENTRY--TOPICAL TERM | |
| Topical term or geographic name entry element | Public health |
| General subdivision | Study and teaching (Continuing education) |
| Geographic subdivision | Africa, East |
| General subdivision | Planning |
| -- | Handbooks, manuals, etc. |
| 9 (RLIN) | 6825 |
| 650 #0 - SUBJECT ADDED ENTRY--TOPICAL TERM | |
| Topical term or geographic name entry element | Community health aides |
| General subdivision | Training of |
| Geographic subdivision | Africa, East |
| General subdivision | Handbooks, manuals, etc. |
| 9 (RLIN) | 6826 |
| 710 2# - ADDED ENTRY--CORPORATE NAME | |
| Corporate name or jurisdiction name as entry element | African Medical and Research Foundation. |
| Subordinate unit | Training Department. |
| 9 (RLIN) | 5802 |
| 906 ## - LOCAL DATA ELEMENT F, LDF (RLIN) | |
| a | 7 |
| b | cbc |
| c | orignew |
| d | 3 |
| e | ncip |
| f | 19 |
| g | y-gencatlg |
| 942 ## - ADDED ENTRY ELEMENTS (KOHA) | |
| Source of classification or shelving scheme | Library of Congress Classification |
| Koha item type | Books |
| Suppress in OPAC | No |
| Withdrawn status | Lost status | Source of classification or shelving scheme | Damaged status | Not for loan | Collection code | Home library | Current library | Shelving location | Date acquired | Total Checkouts | Full call number | Barcode | Date last seen | Copy number | Price effective from | Koha item type |
|---|---|---|---|---|---|---|---|---|---|---|---|---|---|---|---|---|
| Library of Congress Classification | Non-fiction | SCHOOL OF HEALTH SCIENCES | SCHOOL OF HEALTH SCIENCES | General Stacks | 25.05.2022 | RA440.6.C634 1983 c1 | 00002585 | 25.05.2022 | 1 | 25.05.2022 | Books | |||||
| Library of Congress Classification | Non-fiction | SCHOOL OF HEALTH SCIENCES | SCHOOL OF HEALTH SCIENCES | General Stacks | 25.05.2022 | RA440.6.C634 1983 c2 | 00002586 | 25.05.2022 | 2 | 25.05.2022 | Books | |||||
| Library of Congress Classification | Non-fiction | SCHOOL OF HEALTH SCIENCES | SCHOOL OF HEALTH SCIENCES | General Stacks | 25.05.2022 | RA440.6.C634 1983 c3 | 00002587 | 25.05.2022 | 3 | 25.05.2022 | Books |
